| 000 | 00577nam a2200169 i 4500 | ||
|---|---|---|---|
| 001 | 88055 | ||
| 003 | ES-MaACL | ||
| 005 | 20231227062550.0 | ||
| 007 | t| | ||
| 008 | 050103s1906 sp ||||1| spa d | ||
| 100 | 1 |
_aLabra, Rafael M. de, _d1840-1918 _969273 |
|
| 245 | 1 | 3 |
_aEl problema hispano-americano _b: Unión Ibero-Americana el 23 de Abril de 1905 / _cdiscurso pronunciado por Rafael M. de Labra. |
| 260 |
_aMadrid : _b[s.n., _c1906] ( _fImp. de los hijos de M.G. Hernández) |
||
| 300 |
_a101 p. ; _c20 cm. |
||
| 852 |
_aES-MaACL _jFol-Laf-382 |
||
| 999 |
_c88055 _d88055 |
||